000 00197nam a22000857a 4500
001 1239471
005 20251007151429.0
245 _aHİLAL UĞRUNA
_cAHMET YILMAZ BOYUNAĞA
260 _bGENÇ TİMAŞ YAY
999 _c1239471
_d1239471